000 nam a22 7a 4500
999 _c71778
_d71778
005 20200131121820.0
008 200127b br ||||| |||| 00| 0 por d
020 _a8520316352
050 0 4 _aKHD2772
_bH33 1998
245 0 0 _aHabeas data
_c / coordenacao Teresa Arruda Alvim Wambier
250 _a1a ed.
260 _aSao Paulo :
_bEditora Revista Dos Tribunais,
_c1998
300 _a445 p. ;
_c21 cm.
504 _aIncluye bibliografía
650 7 _2lemb
_aPersonalidad (Derecho)
_zBrasil
650 7 _2lemb
_aArchivos públicos
_xLegislación
_zBrasil
650 7 _2lemb
_aLibertad de información
_zBrasil
700 1 _aWambier, Teresa Arruda Alvim
_ecoordinador
942 _2lcc
_cLIB